Pays qui produisent le plus de sel - Statistiques

Statistiques générales
  • Ce quiz a été pris 63 fois
  • Le résultat moyen est 12 sur 15
Statistiques - réponses
Production mondiale (En %) Pays % Correct
20 Chine
98%
14,5 États-Unis
98%
1,8 France
97%
10,2 Inde
97%
2,4 Brésil
90%
4,4 Canada
85%
2,9 Russie
85%
4,7 Australie
83%
1,5 Espagne
83%
3,3 Mexique
83%
5,8 Allemagne
70%
3,3 Turquie
67%
4 Chili
52%
1,7 Pologne
50%
2,2 Pays-Bas
43%
Aucun quiz correspondant
Distribution des résultats
% des personnes avec chaque résultat
Percentile par nombre de réponses
Votre historique - résultats
Vous n’avez pas pris ce quiz